| 000 | 00707nam a2200229Ia 4500 | ||
|---|---|---|---|
| 003 | OSt | ||
| 005 | 20220925221839.0 | ||
| 006 | a|||||r|||| 00| 0 | ||
| 007 | ta | ||
| 008 | 220923b |||||||| |||| 00| 0 eng d | ||
| 020 | _c80721.00 | ||
| 037 |
_b880, 05/03/2018, Manohar Publishers & Distributors _cGeneral Book |
||
| 040 |
_aRTL _cRTL _beng |
||
| 041 |
_2eng _aeng |
||
| 100 |
_aKIRBY Danielle L _9287168 |
||
| 245 | 0 | _aReligion & Media VOL.4 | |
| 260 |
_aLondon _bOup _c2017 |
||
| 650 | _aSociology | ||
| 700 |
_a CUSACK Carole M _9287169 |
||
| 942 |
_cGB _2CC |
||
| 999 |
_c575479 _d575479 |
||